| 000 | 00653nam a2200217 i 4500 | ||
|---|---|---|---|
| 001 | 61139 | ||
| 003 | ES-MaACL | ||
| 005 | 20250828090935.0 | ||
| 007 | t| | ||
| 008 | 031110s1939 sp ||||1| spa d | ||
| 080 | _a37.01:2 | ||
| 100 | 1 |
_aEtienne, R. F. _9173109 |
|
| 245 | 1 | 0 |
_aJesús, modelo de educadores / _cpor R.F. Etienne. |
| 250 | _a2ª ed. | ||
| 260 |
_aMadrid : _bSociedad de Educación Atenas, _c1939 ( _eLa Coruña : _fImp. Moret) |
||
| 300 |
_a110 p. ; _c21 cm. |
||
| 650 | 7 |
_aEducación religiosa _2embne _912119 |
|
| 710 | 2 |
_aSociedad de Educación Atenas _96665 |
|
| 852 |
_aES-MaACL _j1832-F-19 |
||
| 999 |
_c61139 _d61139 |
||